Robert Louis Stevenson
Uloženo v:
| Hlavní autor: | |
|---|---|
| Médium: | Kniha |
| Jazyk: | angličtina |
| Vydáno: |
Nueva York
Dell Publishing
1959
|
| Edice: | <A >Laurel Reader
|
| Témata: | |
| Tagy: |
Přidat tag
Žádné tagy, Buďte první, kdo vytvoří štítek k tomuto záznamu!
|
MARC
| LEADER | 00000nam a2200000 a 4500 | ||
|---|---|---|---|
| 001 | UCZ7223 | ||
| 003 | CL-VaPUC | ||
| 008 | 951228e19590000US |||||||||||||||||eng|d | ||
| 082 | 0 | 4 | |a 808.09 |b STE |2 21 |
| 100 | 0 | |a Stevenson, Robert Louis |e author |9 348874 | |
| 245 | 1 | 0 | |a Robert Louis Stevenson |
| 300 | |a 383 p | ||
| 942 | |c BK | ||
| 945 | |d 19951228 00:00:00 |a rleighto | ||
| 260 | |a Nueva York |b Dell Publishing |c 1959 | ||
| 650 | 0 | |a Novelas inglesas |9 265220 | |
| 650 | 7 | |a POEMAS INGLESES |2 CL-VaPUC |9 348004 | |
| 650 | 0 | |a Cuentos ingleses |9 265135 | |
| 583 | |a last modification |c 19951228 00:00:00 |k Rodrigo Vera | ||
| 490 | 0 | |a <A >Laurel Reader | |
| 999 | |c 243327 |d 243325 | ||
| 952 | |0 0 |1 0 |4 0 |6 808_090000000000000_STE_1959 |7 0 |8 A |9 256905 |a BIBEDU |b BIBEDU |d 2019-11-19 |i 3165906 |o 808.09 STE 1959 |p 3165906 |r 2019-11-19 |w 2019-11-19 |y BK |k LIT | ||